000 00502nam a2200181Ia 4500
001 4725
005 20260306145816.0
008 260306t2007||||xx |||||||||||||| ||spa||
041 _aESP
082 _a330.0151
_bM26
100 _aMartinelli, César
_eAUT
245 0 _aEconomía dinámica, economía aplicada y teoría de juegos:
_bensayos en homenaje a Ramón García-Cobián
260 _c2007
300 _a224 páginas :
_c24 cm.
650 _aGEN
654 _aCAN
942 _cLIB
_dJUS
_fJUS
_2ddc
_n
999 _c4725
_d4725